Nové výzvy v oblasti výberu riaditeľov škôl
Aktuálny pohľad na výberové konania riaditeľov škôl na Slovensku prostredníctvom inovovaných interpretácií legislatívy a zistení vlastného prieskumu medzi obcami a mestami SR v súvislosti so skúmaním atraktivity riaditeľského povolania na Slovensku. Opis základných princípov výberu riaditeľa a fungo...
Uložené v:
| Hlavný autor: | |
|---|---|
| Ďalší autori: | |
| Médium: | Kapitola |
| Jazyk: | Slovak |
| Predmet: | |
| Tagy: |
Žiadne tagy, Buďte prvý, kto otaguje tento záznam!
|
MARC
| LEADER | 00000naa a2200000 4500 | ||
|---|---|---|---|
| 001 | 0278808 | ||
| 005 | 20210930081115.6 | ||
| 041 | 0 | |a slo | |
| 044 | |a SK | ||
| 245 | 1 | 0 | |a Nové výzvy v oblasti výberu riaditeľov škôl |c Silvia Dončevová, Viktor Križo |
| 520 | |a Aktuálny pohľad na výberové konania riaditeľov škôl na Slovensku prostredníctvom inovovaných interpretácií legislatívy a zistení vlastného prieskumu medzi obcami a mestami SR v súvislosti so skúmaním atraktivity riaditeľského povolania na Slovensku. Opis základných princípov výberu riaditeľa a fungovania demokratickej školy. | ||
| 610 | 2 | 0 | |a školstvo |
| 610 | 2 | 0 | |a riaditelia |
| 610 | 2 | 0 | |a výber pracovníkov |
| 610 | 2 | 0 | |a legislatíva |
| 610 | 2 | 0 | |a prieskum |
| 610 | 2 | 0 | |a Slovensko |
| 100 | 1 | |a Dončevová, Silvia | |
| 700 | 1 | |a Križo, Viktor | |